Mezinárodní stínování: nekonvenční forma rozvoje

Vzdelávanie zamestnancov formou medzinárodných výmen medzi agentúrami v rôznych krajinách, výhody. Podstata shadowing-u.

Gespeichert in:
Bibliographische Detailangaben
1. Verfasser: Hloušek, Kristián
Format: Buchkapitel
Sprache:Tschechisch
Schlagworte:
Tags: Tag hinzufügen
Keine Tags, Fügen Sie das erste Tag hinzu!

MARC

LEADER 00000naa$a2200000$$$4500
001 0078831
005 20231019114312.2
041 0 |a cze 
044 |a CZ 
245 1 0 |a Mezinárodní stínování: nekonvenční forma rozvoje  |c Kristián Hloušek 
520 |a Vzdelávanie zamestnancov formou medzinárodných výmen medzi agentúrami v rôznych krajinách, výhody. Podstata shadowing-u. 
610 2 0 |a vzdelávanie dospelých 
610 2 0 |a vzdelávanie transnacionálne 
610 2 0 |a výmena skúseností 
100 1 |a Hloušek, Kristián